000 01460nam0a22003011 4500
001 rc\2761553
005 20260407081927.0
035 _a(NLR Aleph) 006888149
090 _a7118077
_c7118077
100 _a20110915d1940 |||y0rusy50 ca
101 0 _arus
102 _aRU
105 _aa z |||||
200 1 _aОсобые вопросы электрооборудования морского танкера
_fСоставители: инж. И. И. Макаров, инж. Е. С. Шехтер, Шевардина и др.
_gСост. бригадой ЦНИИМФа под руководством инж. И. Б. Бабат
_gЦентр. н.-и. ин-т морского флота "ВНИИМФ"
210 _aЛенинград
_aМосква
_cГосмориздат
_d1940
_eЛенинград
215 _a136 с., 1 вкл. л. схем.
_cил., черт.
_d22 см.
300 _aНа 5 стр. указаны составители: инж. И. И. Макаров, инж. Е. С. Шехтер, Шевардина и др.
320 _aБиблиогр.: с. 131-4
702 1 _aШевардина
_4220
702 1 _aБабат
_bИ.Б.
_4570
702 1 _aШехтер
_bЕ.С.
_4220
702 1 _aМакаров
_bИ.И.
_4220
712 0 2 _aЦНИИ морского флота
_cЛенинград
_3RU\NLR\AUTH\887261
_9286588
801 0 _aRU
_bNLR
_gpsbo
801 1 _aRU
_bELAR
_2rusmarc
852 _aNLR
_j40-4/880
942 _cBOOK
980 _aNB